El poder del perdón (Registro nro. 2407)
[ vista simple ]
| 000 -Cabecera | |
|---|---|
| Campo de control de longitud fija | 00662aam a2200241 4500 |
| 005 - Fecha y hora de la última transacción | |
| Campo de control | 20231011163056.0 |
| 008 - Elementos de longitud fija--Información general | |
| Campo de control de longitud fija | 150529b xxu||||| |||| 00| 0 spa d |
| 041 ## - Idioma | |
| Código de idioma | |
| 082 ## - Clasificación Decimal Dewey | |
| Número de clasificación | 158.2 M612p |
| 100 ## - Entrada principal--Autor personal | |
| Nombre personal | Meyer, Joyce |
| 9 (RLIN) | 20636 |
| 245 ## - Título propiamente dicho | |
| Título | El poder del perdón |
| 260 ## - Pie de imprenta | |
| Lugar de publicación, distribución, etc. | Argentina |
| Nombre del editor, distribuidor, etc. | Peniel |
| Fecha de publicación, distribución, etc. | 2005 |
| 300 ## - Descripción física | |
| Extensión | 130 páginas |
| 650 ## - Materia general | |
| Temática (materia general) | RELACIONES INTERPERSONALES |
| 650 ## - Materia general | |
| Temática (materia general) | SUPERACIÓN PERSONAL |
| 650 ## - Materia general | |
| Temática (materia general) | PERDON |
| 650 ## - Materia general | |
| Temática (materia general) | RECIBIR EL PERDON |
| 650 ## - Materia general | |
| Temática (materia general) | PERDONAR A OTROS |
| 650 ## - Materia general | |
| Temática (materia general) | RESTAURAR EL ALMA |
| 650 ## - Materia general | |
| Temática (materia general) | VERGUENZA |
| 650 ## - Materia general | |
| Temática (materia general) | VIVIR LIBROS |
| 942 ## - Punto de acceso adicional KOHA | |
| Tipo de ítem KOHA | Literatura |
| Fuente del sistema de clasificación o colocación | Dewey Decimal Classification |
| Signatura completa | Código de barras | Tipo de ítem |
|---|---|---|
| 158.2 M612p | 15329 | Literatura |